000 00317nam a2200145Ia 4500
100 _aBurrell/M
650 _aCarpentery
942 _cBK
654 _aT.V Enginners Pocket Book
245 _aT.V Enginners Pocket Book
260 _bButtersworth
_aLondon
_c1982
300 _a314
546 _aENGLISH
999 _c32919
_d32919